000 00715nam a22002417a 4500
003 UA-OsUOA
001 114559
007 ta
008 20151111b un ||||| |||| 00| 0 ukr d
100 _aКолесник І.
090 _a930.1(477)
_bК60
942 _cBK
040 _aUA-OsUOA
_bukr
_cUA-OsUOA
_dUA-OsUOA
245 _aУкраїнська історіографія: концептуальна історія
300 _a566 с.
955 _a1
041 _aukr
080 _a930.1(477)
020 _a978-966-02-6868-5
260 _aК.
_bІІУ НАНУ
_c2013
650 7 _a930 Історична наука. Допоміжні історичні дисципліни
_2UDC
999 _c400703
_d400703